000 00523cam a2200217ua 4500
020 _c1.40
041 _amal
_h
082 _a894.81209
_bJOS/KA
100 _aJoseph, Mundassery .
245 _aKarinthiri /
_cJoseph Mundassery.
_hTextual Documents
260 _aThrissur :
_bThe Mangalodayam Pvt Ltd ,
_c1964.
300 _a102 ; .
365 _a1.40
504 _a
942 _cBK
999 _c4999
_d4999